| 000 | 00400nam a2200157Ia 4500 | ||
|---|---|---|---|
| 008 | 210716s2007 xx 000 0 und d | ||
| 020 | _a8126511419 | ||
| 041 | _aeng | ||
| 082 | _a005.3622 MUIN | ||
| 100 | _aMuir, Nancy. | ||
| 245 | _aMicrosoft office project 2007 for dummies. | ||
| 250 | _a1 | ||
| 260 |
_aNew Delhi _bWiley Publishing Inc. _c2007 |
||
| 300 | _axviii,388 | ||
| 650 | _aMS Office | ||
| 999 |
_c188057 _d188057 |
||